00910naa#a2200193#i#4500001001500000005001700015011001400032100004100046101000800087102000700095200022500102210015100327215001000478608004500488675006100533700005200594700005600646856001400702RU\\bibl\1914120260511172616.1##a1998-5029##a20171226b2017####ek#y0rusy0150####ca0#aRUS##aRU1#aГИСТОХИМИЧЕСКАЯ ЛОКАЛИЗАЦИЯ КИСЛОЙ И ЩЕЛОЧНОЙ ФОСФАТАЗ В ЭПИТЕЛИИ ТРАХЕИ ПРИ ХОЛОДОВОМ ВОЗДЕЙСТВИИeЖурнальная статья1#aБлаговещенскcДальневосточный научный центр физиологии и патологии дыханияd2017##a6 с.##aЖурнальная статья2local##aМедицина. Охрана здоровья. 61zRUS#1aЦелуйкоgСергей Семенович#1aКрасавинаgНадежда Павловна4#azh-szf.ru